| 000 | 01745cam a22004214i 4500 | ||
|---|---|---|---|
| 003 | PE-LiUPU | ||
| 005 | 20250731172818.0 | ||
| 008 | 150617s1988 bl a r 000 0 por d | ||
| 035 | _a(Sirsi) a13892 | ||
| 040 |
_aPE-LiUPU _bspa _cPE-LiUPU _dPE-LiUPU _erda |
||
| 049 | _aPRUA | ||
| 082 | 0 | 4 |
_a236 _bD278a _223 |
| 100 | 1 |
_ade Oliveira, Enoch, _eautor. |
|
| 245 | 1 | 0 |
_aAño 2000: angústia ou esperanca? / _cEnoch de Oliveira. |
| 264 | 1 |
_aSao Paulo : _bCasa publicadora Brasileira, _c1988. |
|
| 300 |
_a278 páginas : _bilustraciones ; _c21 centímetros. |
||
| 336 |
_atext _2rdacontent |
||
| 337 |
_aunmediated _2rdamedia |
||
| 338 |
_avolume _2rdacarrier |
||
| 505 | 0 | _a"Dá-nos o Amanha" -- Místicos, fanáticos e impostores -- Terminará a história em holocusto Nuclear -- A cegonha ameaca o mundo -- Epidemias, Endemias e pandemias -- Tremem os fundamentos da terra -- A explosao Sexual -- O mundo estremecido pela violência -- A psicese do medo -- Cristianismo enfermo -- Indigestao e inanicao -- O suicídio ecológico -- Céticos, irreverentes e escarnecedores -- Inquietante mensagem de um Presidiário -- Será o mundo dominado por uma Nacao? -- Os cavalos do apocalipse -- Esperanca para as angústias humanas -- Mil anos de paz -- Vida depois da vida -- A nova ordem social. | |
| 526 | _aSEG42 | ||
| 526 | _aSEG41 | ||
| 526 | _aSEG40 | ||
| 526 | _aSEG39 | ||
| 526 | _aP94 | ||
| 526 | _aP87 | ||
| 526 | _aP86 | ||
| 526 | _aP85 | ||
| 526 | _aP77 | ||
| 526 | _aP76 | ||
| 526 | _aP35 | ||
| 650 | 1 | 4 |
_aEscatología. _95923 |
| 650 | 2 | 4 |
_aSiglo XXI _xPronósticos. |
| 910 | _ajck | ||
| 942 |
_2ddc _cBK |
||
| 980 |
_81 _gALBERTO SANCHEZ Responsable de Automatización |
||
| 999 |
_c4309 _d4309 |
||